| 000 | 00483nam a2200181 a 4500 | ||
|---|---|---|---|
| 005 | 20140310183256.0 | ||
| 008 | 041104s19uu xx 00 eng d | ||
| 020 | _a8180610578 | ||
| 050 |
_aRM 216 _b.B311 2003 |
||
| 245 |
_aBasics of clinical nutrition/. _cYK Joshi- editor |
||
| 260 |
_aNew Delhi : _bJaypee Brothers, _c2003. |
||
| 300 |
_a314 p. : _c24 cm. |
||
| 521 | _aNUR | ||
| 650 | _aNutrition. | ||
| 650 | _aDiet in diseases. | ||
| 942 |
_cBK _2lcc _kFOR |
||
| 999 |
_c20868 _d20868 |
||